Project finance for construction and infrastructure (Record no. 107985)
[ view plain ]
| 000 -LEADER | |
|---|---|
| fixed length control field | 01814cam a22003255a 4500 |
| 001 - CONTROL NUMBER | |
| control field | L142810 |
| 008 - FIXED-LENGTH DATA ELEMENTS--GENERAL INFORMATION | |
| fixed length control field | 080311s2008 xxkd f 001 0 eng d |
| 020 ## - INTERNATIONAL STANDARD BOOK NUMBER | |
| International Standard Book Number | 9780470697931 |
| -- | 9781405151276 |
| -- | 1405151277 |
| 035 ## - SYSTEM CONTROL NUMBER | |
| System control number | (Sirsi) u142810 |
| 041 0# - LANGUAGE CODE | |
| Language code of text/sound track or separate title | eng |
| 050 04 - LIBRARY OF CONGRESS CALL NUMBER | |
| Classification number | 658.404 $2 18 |
| -- | 624.0681 $2 22 |
| 100 1# - MAIN ENTRY--PERSONAL NAME | |
| Personal name | Pretorius, Frederik |
| 245 00 - TITLE STATEMENT | |
| Title | Project finance for construction and infrastructure |
| Remainder of title | principles and case studies |
| Medium | [electronic resource] |
| 260 ## - PUBLICATION, DISTRIBUTION, ETC. | |
| Place of publication, distribution, etc. | Oxford |
| Name of publisher, distributor, etc. | Blackwell |
| Date of publication, distribution, etc. | 2008 |
| 300 ## - PHYSICAL DESCRIPTION | |
| Extent | ebook |
| 505 2# - FORMATTED CONTENTS NOTE | |
| Formatted contents note | The nature of project finance -- Complex transactions -- Financial evaluation -- Managing risk in project finance transactions -- Continuing evolution: from PF to PFI, PPP and beyond -- The relevance of sound demand in infrastructure project finance: the Sydney CrossCity Tunnel -- Financial structures and infrastructure project finance: the Hong Kong Western Harbour Crossing -- Institutional risks and infrastructure project finance: the Dabhol Power Project -- Extreme complexity in transacting: public private partnerships at work in the London Underground |
| 520 ## - SUMMARY, ETC. | |
| Summary, etc. | Written for non-finance students, this text explains the economics and commercial aspects of project finance. The four project finance case studies illustrate the application of project finance in different economic environments, across different jurisdictions and at different stages of development. |
| 521 2# - TARGET AUDIENCE NOTE | |
| Target audience note | Introductory |
| 590 ## - LOCAL NOTE (RLIN) | |
| Local note | KA |
| 650 24 - SUBJECT ADDED ENTRY--TOPICAL TERM | |
| Topical term or geographic name entry element | EBOOK |
| 651 #4 - SUBJECT ADDED ENTRY--GEOGRAPHIC NAME | |
| Geographic name | International |
| 690 ## - LOCAL SUBJECT ADDED ENTRY--TOPICAL TERM (OCLC, RLIN) | |
| Topical term or geographic name as entry element | Project management |
| 9 (RLIN) | 6261 |
| 700 1# - ADDED ENTRY--PERSONAL NAME | |
| Personal name | Lejot, Paul |
| 700 1# - ADDED ENTRY--PERSONAL NAME | |
| Personal name | McInnis, Arthur |
| 700 1# - ADDED ENTRY--PERSONAL NAME | |
| Personal name | Arner, Douglas |
| 700 1# - ADDED ENTRY--PERSONAL NAME | |
| Personal name | Hsu, Berry Fong-Chung |
| 856 40 - ELECTRONIC LOCATION AND ACCESS | |
| Uniform Resource Identifier | <a href="https://www.vlebooks.com/">https://www.vlebooks.com/</a> |
| Public note | View on VLEbooks. Logins for members only from [email protected] |
| 942 ## - ADDED ENTRY ELEMENTS (KOHA) | |
| Suppress in OPAC | 0 |
| Withdrawn status | Lost status | Damaged status | Not for loan | Home library | Current library | Shelving location | Date acquired | Cost, normal purchase price | Total Checkouts | Full call number | Barcode | Date last seen | Date last checked out | Copy number | Cost, replacement price | Price effective from | Koha item type | Source of classification or shelving scheme |
|---|---|---|---|---|---|---|---|---|---|---|---|---|---|---|---|---|---|---|
| Missing from bundle | London | London | Books | 18/03/2008 | 65.00 | 7 | 658.404 PRE | 30072708 | 06/08/2019 | 06/10/2009 | 1 | 65.00 | 06/08/2019 | Book | ||||
| Virtual | Virtual | Online | 01/02/2012 | EBOOK | 142810-3001 | 06/08/2019 | 1 | 06/08/2019 | Book | Dewey Decimal Classification |